000 00426nam a22001817a 4500
003 MPLRDC
005 20220104113714.0
008 210129b ||||| |||| 00| 0 eng d
020 _a962-365-750-1
082 _a415.55 ZY
100 _a钟焱
245 _a肠道病防治100问
_c
250 _a第二版
260 _a香港
_b海滨图书公司
_c2000
300 _b217
650 _a肠道病
942 _cBK
_o415.55 ZY
999 _c1715
_d1705